Famous DJs by Age - Statistics

General Stats
  • This quiz has been taken 14 times
  • The average score is 9 of 32
Answer Stats
Hint Explanation Answer % Correct
Martin Garrix 28 25-29
50%
Alan Walker 26 25-29
42%
Felix Jaehn 29 25-29
42%
Vintage Culture 31 30-34
42%
Swedish House Mafia 42,7 (46 / 41 / 41) 40-44
42%
David Guetta 56 55-59
42%
Lost Frequencies 30 30-34
33%
Will Sparks 31 30-34
33%
Alesso 33 30-34
33%
The Chainsmokers 34,3 (34 / 30 / 39) 30-34
33%
Nicky Romero 35 35-39
33%
KSHMR 35 35-39
33%
Skrillex 36 35-39
33%
Robin Schulz 37 35-39
33%
R3HAB 38 35-39
33%
Calvin Harris 40 40-44
33%
Timmy Trumpet 42 40-44
33%
Alok 32 30-34
25%
Hardwell 36 35-39
25%
Afrojack 36 35-39
25%
deadmau5 43 40-44
25%
Oliver Heldens 29 25-29
17%
Topic 32 30-34
17%
W&W 35,5 (35 / 36) 35-39
17%
Don Diablo 44 40-44
17%
Scooter (age of H.P. Baxxter) 60 60+
17%
Carl Cox 62 60+
17%
Dimitri Vegas & Like Mike 40 (42 / 38) 40-44
8%
Steve Aoki 46 45-49
8%
Armin van Buuren 47 45-49
8%
Tiesto 55 55-59
8%
NERVO 42 (42 / 42 (twins)) 40-44
0%
No matching quizzes found
Score Distribution
Percent of People with Each Score
Percentile by Number Answered
Your Score History
You have not taken this quiz